Statistics for High Fertility Rate by Continent

Click here to take the quiz!

General Stats

  • This quiz has been taken 74 times
  • The average score is 21 of 30

Answer Stats

HintAnswer% Correct
Africa7.153Niger
93%
South America2.446Paraguay
82%
South America2.444Ecuador
81%
Europe1.973France
81%
South America2.825Bolivia
79%
North America2.899Guatemala
79%
South America2.354Peru
79%
Africa5.963Democratic Republic of the Congo
78%
Asia3.377Pakistan
76%
Asia4.412Afghanistan
75%
South America2.473Guyana
75%
North America2.415Honduras
75%
Europe1.909Sweden
75%
North America2.848Haiti
74%
Europe1.980Ireland
74%
Asia4.266Iraq
72%
Oceania3.588Papua New Guinea
72%
Africa5.797Chad
71%
Asia3.837Yemen
71%
Africa5.922Mali
69%
Oceania3.760Tonga
69%
North America2.469Panama
68%
Oceania3.903Samoa
66%
Oceania3.770Solomon Islands
66%
Oceania3.584Kiribati
65%
North America2.459Belize
63%
Africa6.123Somalia
63%
Europe1.921Iceland
59%
Asia5.337East Timor
49%
Europe2.060Kosovo
41%

Score Distribution

Percentile by Number Answered

Percent of People with Each Score

Your Score History

You have not taken this quiz